000 00486nam a2200133 a 4500
008 120416s1986 xx |||||||||||||| || u
050 _aTS 621 Hyd
100 _aSmith, K. V. H
245 1 0 _aHydraulic design in water resources engineering
_cedited by K.V.H. Smith
246 _aland drainage
260 _c1986
350 _a0.00
995 _D0.00
_FCBU-MAIN LIBRARY (Kitwe)
_H1
_I125.00
_UAVAILABLE
_ZMain Library Open Access Collection
999 _c46045
_d46045